<?xml version="1.0" encoding="UTF-8"?>
<collection xmlns="http://www.loc.gov/MARC21/slim">
 <record>
  <leader>01838nam a22005177a 4500</leader>
  <controlfield tag="001">000194508</controlfield>
  <controlfield tag="003">CZ-PrVSE</controlfield>
  <controlfield tag="005">20120202152635.0</controlfield>
  <controlfield tag="007">ta</controlfield>
  <controlfield tag="008">110519s1984    xxua   fr     001 0 eng d</controlfield>
  <datafield tag="020" ind1=" " ind2=" ">
   <subfield code="a">0-88033-041-4</subfield>
   <subfield code="q">(váz.)</subfield>
  </datafield>
  <datafield tag="040" ind1=" " ind2=" ">
   <subfield code="a">ABA006</subfield>
   <subfield code="b">cze</subfield>
   <subfield code="c">ABA006</subfield>
   <subfield code="d">ABA006</subfield>
  </datafield>
  <datafield tag="072" ind1=" " ind2="7">
   <subfield code="a">7.01/.09</subfield>
   <subfield code="x">Umění</subfield>
   <subfield code="2">Konspekt</subfield>
   <subfield code="9">21</subfield>
  </datafield>
  <datafield tag="072" ind1=" " ind2="9">
   <subfield code="a">700</subfield>
   <subfield code="x">Arts</subfield>
   <subfield code="2">Conspectus</subfield>
   <subfield code="9">21</subfield>
  </datafield>
  <datafield tag="080" ind1=" " ind2=" ">
   <subfield code="a">111.852</subfield>
   <subfield code="2">MRF</subfield>
  </datafield>
  <datafield tag="080" ind1=" " ind2=" ">
   <subfield code="a">7.01:111.852</subfield>
   <subfield code="2">MRF</subfield>
  </datafield>
  <datafield tag="080" ind1=" " ind2=" ">
   <subfield code="a">159.922.4</subfield>
   <subfield code="2">MRF</subfield>
  </datafield>
  <datafield tag="080" ind1=" " ind2=" ">
   <subfield code="a">(=161.1)</subfield>
   <subfield code="2">MRF</subfield>
  </datafield>
  <datafield tag="080" ind1=" " ind2=" ">
   <subfield code="a">(470+571)</subfield>
   <subfield code="2">MRF</subfield>
  </datafield>
  <datafield tag="080" ind1=" " ind2=" ">
   <subfield code="a">(048.8)</subfield>
   <subfield code="2">MRF</subfield>
  </datafield>
  <datafield tag="099" ind1=" " ind2="9">
   <subfield code="a">7.01CAP</subfield>
  </datafield>
  <datafield tag="100" ind1="1" ind2=" ">
   <subfield code="a">Cap, Jean-Pierre</subfield>
   <subfield code="4">aut</subfield>
  </datafield>
  <datafield tag="245" ind1="1" ind2="0">
   <subfield code="a">Decadence of freedom :</subfield>
   <subfield code="b">Jacques Rivière’s perception of Russian mentality /</subfield>
   <subfield code="c">Jean-Pierre Cap ; with a preface by William Edward Brown</subfield>
  </datafield>
  <datafield tag="260" ind1=" " ind2=" ">
   <subfield code="a">Boulder :</subfield>
   <subfield code="b">East European Monographs ;</subfield>
   <subfield code="a">New York :</subfield>
   <subfield code="b">Distributed by Columbia University Press,</subfield>
   <subfield code="c">1984</subfield>
  </datafield>
  <datafield tag="300" ind1=" " ind2=" ">
   <subfield code="a">188 s.</subfield>
  </datafield>
  <datafield tag="490" ind1="1" ind2=" ">
   <subfield code="a">East European monographs ;</subfield>
   <subfield code="v">149</subfield>
  </datafield>
  <datafield tag="504" ind1=" " ind2=" ">
   <subfield code="a">Obsahuje bibliografii a rejstřík</subfield>
  </datafield>
  <datafield tag="648" ind1=" " ind2="7">
   <subfield code="a">20. století</subfield>
   <subfield code="7">ch460558</subfield>
   <subfield code="2">czenas</subfield>
  </datafield>
  <datafield tag="648" ind1=" " ind2="4">
   <subfield code="a">1905-1925</subfield>
  </datafield>
  <datafield tag="650" ind1="0" ind2="7">
   <subfield code="a">estetika</subfield>
   <subfield code="7">ph117189</subfield>
   <subfield code="2">czenas</subfield>
  </datafield>
  <datafield tag="650" ind1="0" ind2="7">
   <subfield code="a">národní mentalita</subfield>
   <subfield code="7">ph123434</subfield>
   <subfield code="2">czenas</subfield>
  </datafield>
  <datafield tag="650" ind1="0" ind2="7">
   <subfield code="a">Rusové</subfield>
   <subfield code="7">ph118055</subfield>
   <subfield code="2">czenas</subfield>
  </datafield>
  <datafield tag="651" ind1=" " ind2="7">
   <subfield code="a">Rusko</subfield>
   <subfield code="7">ge128566</subfield>
   <subfield code="2">czenas</subfield>
  </datafield>
  <datafield tag="655" ind1=" " ind2="7">
   <subfield code="a">studie</subfield>
   <subfield code="7">fd133597</subfield>
   <subfield code="2">czenas</subfield>
  </datafield>
  <datafield tag="648" ind1=" " ind2="9">
   <subfield code="a">20th century</subfield>
   <subfield code="2">eczenas</subfield>
  </datafield>
  <datafield tag="650" ind1="0" ind2="9">
   <subfield code="a">aesthetics</subfield>
   <subfield code="2">eczenas</subfield>
  </datafield>
  <datafield tag="650" ind1="0" ind2="9">
   <subfield code="a">national characteristics</subfield>
   <subfield code="2">eczenas</subfield>
  </datafield>
  <datafield tag="650" ind1="0" ind2="9">
   <subfield code="a">Russians</subfield>
   <subfield code="2">eczenas</subfield>
  </datafield>
  <datafield tag="651" ind1=" " ind2="9">
   <subfield code="a">Russia</subfield>
   <subfield code="2">eczenas</subfield>
  </datafield>
  <datafield tag="655" ind1=" " ind2="9">
   <subfield code="a">studies</subfield>
   <subfield code="2">eczenas</subfield>
  </datafield>
  <datafield tag="700" ind1="1" ind2=" ">
   <subfield code="a">Brown, William Edward,</subfield>
   <subfield code="d">1904-</subfield>
   <subfield code="7">js20020805220</subfield>
   <subfield code="4">aui</subfield>
  </datafield>
  <datafield tag="830" ind1=" " ind2="0">
   <subfield code="a">East European monographs</subfield>
  </datafield>
  <datafield tag="993" ind1=" " ind2=" ">
   <subfield code="a">003837171</subfield>
  </datafield>
  <datafield tag="996" ind1=" " ind2=" ">
   <subfield code="1">PKF5</subfield>
   <subfield code="3">F207754</subfield>
   <subfield code="4">N:G</subfield>
   <subfield code="5">3142247826</subfield>
   <subfield code="7">Donated Chris Tame Library</subfield>
   <subfield code="8">20110519</subfield>
   <subfield code="9">7.01CAP</subfield>
   <subfield code="f">81</subfield>
   <subfield code="l">UEP01</subfield>
   <subfield code="m">BOOK</subfield>
   <subfield code="q">Chris Tame Library</subfield>
   <subfield code="t">na 1 měsíc</subfield>
   <subfield code="u">UEP01</subfield>
   <subfield code="w">20110623</subfield>
  </datafield>
 </record>
</collection>
